000 00711 a2200217 4500
005 20110729154218.0
010 _aENG-88883
020 _c200.00
_a9788123751894
035 _aEN-72416
037 _bDBAD / PUB
082 1 4 _a352.00722
100 1 _aAslam, M.
_930544
245 1 _aPanchayati raj in India /
_cby M. Aslam
260 _aNew Delhi
_bNational Book Trust, India
_c2007
270 _aA-5, Green Park
_bNew Delhi
_e110 016
300 _axiii, 217p. :
_c22cm (Hb)
490 _aIndia-the land and the people
_930545
500 _aIncludes index
942 _adpl
_cEN
_k352.00722 / ASL
_2ddc
999 _c9431
_d9431